000 00822nam a2200241 i 4500
001 C2-0334189
003 PPAK
005 20180728134046.0
008 151018s2014 my |||| ||||| | eng d
020 _a9789674152642
040 _aPPAK
_beng
_cPPAK
_erda
082 0 4 _a306.58609595
_223
090 0 0 _a306.58609595
_bOOI
_dG
100 1 _aOoi, J.,
_eauthor
245 1 0 _aPickining up the pieces :
_ban Asian single mother's post-divorce road map
264 1 _aPetaling Jaya, Selangor :
_bMPH Group Publishing Sdn. Bhd. ,
_c2014
300 _axi, 127 pages ;
_c20 cm
336 _2rdacontent
_atext
337 _2rdamedia
_aunmediated
338 _2rdacarrier
_avolume
650 1 0 _aSingle-parent families Malaysia. ; Divorced mothers Malaysia Psychology ; Self-esteem in women Malaysia.
942 _ddc
_cB
999 _c132685
_d132685